[Event "European Rapid 2014"]
[Site "Wroclaw POL"]
[Date "2014.12.20"]
[Round "1.62"]
[White "Warakomski, Tomasz"]
[Black "Pothieux, Philippe"]
[Result "1-0"]
[WhiteTitle "IM"]
[WhiteElo "2456"]
[BlackElo "1854"]
[WhiteFideId "1124552"]
[BlackFideId "20606036"]
[EventDate "2014.12.20"]

1. e4 e6 2. d4 d5 3. Nd2 Nf6 4. e5 Nfd7 5. c3 c5 6. Bd3 Nc6 7. Ne2 Qb6 8. Nf3
cxd4 9. cxd4 Bb4+ 10. Bd2 Bxd2+ 11. Qxd2 Qb4 12. Rc1 Qxd2+ 13. Kxd2 Nb6 14. b3
Bd7 15. h4 h6 16. h5 Ke7 17. Rc5 Rhc8 18. Rhc1 Nb4 19. a4 Rxc5 20. dxc5 Nc8 21.
Nfd4 a6 22. Bb1 Na7 23. Rc3 Rc8 24. f4 Nac6 25. Rg3 Kf8 26. Nxc6 Nxc6 27. Rc3
Ke7 28. Bc2 Nb4 29. Nd4 Nc6 30. Ke3 Be8 31. Nxc6+ Bxc6 32. Kd4 Be8 33. Rg3 Kf8
34. Bd1 Bd7 35. b4 Be8 36. Ra3 Ke7 37. g4 Bc6 38. Be2 Ra8 39. Bd1 Rc8 40. Rg3
Kf8 41. g5 hxg5 42. fxg5 Kg8 43. Bc2 Rf8 44. Rg1 Kh8 45. Rb1 Rb8 46. b5 axb5 47.
axb5 Be8 48. Bd3 Kg8 49. Ra1 Bd7 50. h6 gxh6 51. gxh6 Kh8 52. Ra7 Be8 53. Kc3
Kg8 54. Kb4 Kf8 55. Ka5 f5 1-0

[Event "European Rapid 2014"]
[Site "Wroclaw POL"]
[Date "2014.12.20"]
[Round "1.63"]
[White "Karnas, Leszek"]
[Black "Loginov, Valery A"]
[Result "0-1"]
[BlackTitle "GM"]
[WhiteElo "1806"]
[BlackElo "2486"]
[WhiteFideId "1170317"]
[BlackFideId "4126297"]
[EventDate "2014.12.20"]

1. d4 Nf6 2. c4 e6 3. Nf3 b6 4. a3 c5 5. d5 Ba6 6. dxe6 fxe6 7. Qc2 Nc6 8. e4
Qc7 9. Nc3 Nd4 10. Qd1 Nxf3+ 11. Qxf3 Be7 12. Bd3 O-O 13. Qh3 Bd6 14. O-O Bf4
15. Re1 Bxc1 16. Raxc1 e5 17. f4 Rae8 18. f5 Qd6 19. Nd5 Nxd5 20. cxd5 b5 0-1

[Event "European Rapid 2014"]
[Site "Wroclaw POL"]
[Date "2014.12.20"]
[Round "1.64"]
[White "Dourerassou, Jonathan"]
[Black "Tarnowska, Aleksandra"]
[Result "1-0"]
[WhiteTitle "IM"]
[WhiteElo "2469"]
[BlackElo "1752"]
[WhiteFideId "628050"]
[BlackFideId "1180967"]
[EventDate "2014.12.20"]

1. e4 c5 2. Nc3 e6 3. g3 Nc6 4. Bg2 a6 5. Nge2 b5 6. d4 cxd4 7. Nxd4 Qc7 8. O-O
Bb7 9. a4 b4 10. Nce2 Nf6 11. Nb3 Be7 12. Nf4 O-O 13. a5 Ne5 14. Re1 Rac8 15.
Nd3 Nxd3 16. cxd3 d5 17. e5 Nd7 18. d4 Qc2 19. Qxc2 Rxc2 20. Bf1 Rfc8 21. Bd3
R2c7 22. f4 g6 23. g4 Bh4 24. Rf1 f6 25. Bd2 fxe5 26. fxe5 Be7 27. Ra4 Nb8 28.
Raa1 Bc6 29. Rfc1 Bd7 30. Rxc7 Rxc7 31. Kf2 Kg7 32. Ke2 Rb7 33. Rc1 Bb5 34. Bxb5
Rxb5 35. Rc7 Kf8 36. Kd3 Ke8 37. Rc8+ Kd7 38. Rh8 h5 39. gxh5 gxh5 40. Rxh5 Nc6
41. Rh7 Kd8 42. h4 Nxa5 43. Nxa5 Rxa5 44. Rxe7 1-0

[Event "European Rapid 2014"]
[Site "Wroclaw POL"]
[Date "2014.12.20"]
[Round "1.65"]
[White "Krupacz, Maciej"]
[Black "Czakon, Jakub"]
[Result "0-1"]
[BlackTitle "IM"]
[WhiteElo "1826"]
[BlackElo "2479"]
[WhiteFideId "21803404"]
[BlackFideId "1120840"]
[EventDate "2014.12.20"]

1. Nf3 f5 2. g3 Nf6 3. Bg2 g6 4. c4 Bg7 5. Nc3 O-O 6. O-O d6 7. d3 e5 8. Rb1 h6
9. Nd5 Nbd7 10. b4 Nxd5 11. cxd5 Nf6 12. Qb3 g5 13. e3 Bd7 14. Bd2 Qe8 15. Rbc1
Rc8 16. d4 e4 17. Ne1 Ba4 18. Qb2 Nxd5 19. f3 Nf6 20. fxe4 Nxe4 21. Nd3 Bb5 22.
Rfe1 Kh8 23. Nf2 Bc6 24. Nxe4 Bxe4 25. Bxe4 Qxe4 26. Qc2 Qg4 27. Qd1 Qxd1 28.
Rcxd1 d5 29. Kg2 c6 30. a4 Rf6 31. Rc1 Kg8 32. Rc2 Kf7 33. Kf3 Ke7 34. Ke2 Kd7
35. Kd3 Re6 36. Rf1 Rf8 37. Bc1 Re4 38. Rcf2 Ke6 39. Bd2 h5 40. Bc1 Rf7 41. Bd2
Bf8 42. b5 c5 0-1

[Event "European Rapid 2014"]
[Site "Wroclaw POL"]
[Date "2014.12.20"]
[Round "1.66"]
[White "Kantans, Toms"]
[Black "Bettazzi, Daniele"]
[Result "1-0"]
[WhiteTitle "IM"]
[WhiteElo "2447"]
[BlackElo "1842"]
[WhiteFideId "11602945"]
[BlackFideId "886815"]
[EventDate "2014.12.20"]

1. e4 c6 2. d4 d5 3. e5 Bf5 4. Nc3 e6 5. g4 Bg6 6. Nge2 h6 7. Be3 Nd7 8. h4 c5
9. h5 Bh7 10. f4 Qb6 11. dxc5 Bxc5 12. Bxc5 Nxc5 13. Nd4 a6 14. Rh3 Ne7 15. Qd2
Ne4 16. Nxe4 Bxe4 17. Rb3 Qc7 18. O-O-O O-O 19. Bd3 Bxd3 20. Rxd3 Nc6 21. Nxc6
bxc6 22. Rg1 f6 23. g5 fxg5 24. fxg5 Qxe5 25. gxh6 Ra7 26. Re3 Qf5 27. Qd4 Rff7
28. b3 Rac7 29. Kb1 c5 30. Qa4 Rce7 31. Qxa6 Qxh5 32. Rxe6 Rxe6 33. Qxe6 1-0

[Event "European Rapid 2014"]
[Site "Wroclaw POL"]
[Date "2014.12.20"]
[Round "2.1"]
[White "Kovalenko, Igor"]
[Black "Gasik, Anna"]
[Result "1-0"]
[WhiteTitle "GM"]
[BlackTitle "WIM"]
[WhiteElo "2653"]
[BlackElo "2183"]
[WhiteFideId "14117908"]
[BlackFideId "1121952"]
[EventDate "2014.12.20"]

1. d4 d5 2. c4 c6 3. Nc3 Nf6 4. e3 e6 5. Nf3 Nbd7 6. Qc2 Bd6 7. b3 O-O 8. Bb2 b6
9. Bd3 Bb7 10. O-O Qe7 11. Rfe1 dxc4 12. bxc4 e5 13. Ng5 g6 14. f4 exd4 15. exd4
Qd8 16. Qf2 h6 17. Nge4 Bb4 18. a3 Bxc3 19. Bxc3 Nxe4 20. Bxe4 f5 21. Bc2 Nf6
22. Qg3 Kh7 23. Re5 Qd7 24. Rae1 Rae8 25. h3 Ba6 26. Qh4 Bxc4 27. Rxe8 g5 28.
R8e7+ 1-0

[Event "European Rapid 2014"]
[Site "Wroclaw POL"]
[Date "2014.12.20"]
[Round "2.2"]
[White "Olkhovskiy, Alexander"]
[Black "Vitiugov, Nikita"]
[Result "0-1"]
[BlackTitle "GM"]
[WhiteElo "2135"]
[BlackElo "2738"]
[WhiteFideId "34188611"]
[BlackFideId "4152956"]
[EventDate "2014.12.20"]

1. e4 c5 2. f4 g6 3. Nf3 Bg7 4. c3 Nf6 5. e5 Nd5 6. d4 cxd4 7. cxd4 d6 8. Nc3
Nb6 9. Bb5+ Bd7 10. exd6 O-O 11. Bxd7 Qxd7 12. dxe7 Qxe7+ 13. Qe2 Re8 14. Qxe7
Rxe7+ 15. Kf2 Nc6 16. Rd1 Rd7 17. Ne2 Re8 18. b3 Nb4 19. Bb2 f6 20. f5 Nc2 21.
Rac1 Ne3 22. Rd3 Nxf5 23. g4 Nd6 24. Ng3 Nd5 25. Re1 Rc8 26. h4 Rc2+ 27. Rd2
Rdc7 28. Ba3 Nb5 29. Bc5 Rxd2+ 30. Nxd2 b6 31. a4 bxc5 32. axb5 cxd4 33. Re8+
Kf7 34. Rd8 Nc3 35. Rxd4 Nxb5 36. Rd8 Bf8 37. Nge4 Be7 38. Rh8 Kg7 39. Rb8 Nd6
40. Nxd6 Bxd6 41. Nc4 Rxc4 0-1

[Event "European Rapid 2014"]
[Site "Wroclaw POL"]
[Date "2014.12.20"]
[Round "2.3"]
[White "Ragger, Markus"]
[Black "Szumilas, Piotr"]
[Result "1/2-1/2"]
[WhiteTitle "GM"]
[WhiteElo "2651"]
[BlackElo "2156"]
[WhiteFideId "1610856"]
[BlackFideId "1132750"]
[EventDate "2014.12.20"]

1. d4 Nf6 2. c4 e6 3. Nf3 Bb4+ 4. Nbd2 O-O 5. a3 Bxd2+ 6. Qxd2 d6 7. e3 Nbd7 8.
Be2 Re8 9. O-O e5 10. b4 e4 11. Ne1 Nf8 12. Bb2 d5 13. cxd5 Nxd5 14. Rc1 Re6 15.
Bc4 Rh6 16. f3 Bf5 17. g4 Be6 18. fxe4 Nb6 19. Bxe6 Nxe6 20. Qg2 Ng5 21. Kh1 c6
22. Rf4 Qd6 23. Nf3 Nh3 24. Rf5 g6 25. Ra5 Qe6 26. g5 Rh5 27. Re5 Qb3 28. Qe2
Kf8 29. Rf1 Nc4 30. Nd2 Qxe3 31. Qxe3 Nxe3 32. Rf3 Ng4 33. Rc5 Nxg5 34. Rxg5
Rxg5 1/2-1/2

[Event "European Rapid 2014"]
[Site "Wroclaw POL"]
[Date "2014.12.20"]
[Round "2.4"]
[White "Adamowicz, Maciej"]
[Black "Riazantsev, Alexander"]
[Result "0-1"]
[BlackTitle "GM"]
[WhiteElo "2072"]
[BlackElo "2684"]
[WhiteFideId "1176730"]
[BlackFideId "4125029"]
[EventDate "2014.12.20"]

1. c4 g6 2. Nc3 Bg7 3. g3 e5 4. Bg2 d6 5. Nf3 Nc6 6. O-O h6 7. Rb1 Be6 8. d3 Qd7
9. Re1 Nge7 10. b4 O-O 11. b5 Nd8 12. Qc2 f5 13. Bb2 f4 14. Ne4 g5 15. Red1 Nf5
16. g4 Nd4 17. Bxd4 exd4 18. h3 Bf7 19. Kh2 Ne6 20. Rh1 Bg6 21. Kg1 Rae8 22.
Ned2 Nc5 23. Nb3 Ne6 24. h4 Bf6 25. h5 Bh7 26. Qd2 Re7 27. Ne1 f3 28. Bxf3 Nf4
29. Ng2 Be5 30. Nxf4 Rxf4 31. Kf1 Rxg4 32. Bxg4 Qxg4 33. f3 Rf7 34. Rg1 Qh3+ 35.
Ke1 Bf4 36. Qb2 Be3 37. Rf1 Re7 38. Nxd4 Qh4+ 39. Kd1 Bxd4 40. Qb3 Kh8 41. f4
gxf4 0-1

[Event "European Rapid 2014"]
[Site "Wroclaw POL"]
[Date "2014.12.20"]
[Round "2.5"]
[White "Efimenko, Zahar"]
[Black "Jacek, Krystian"]
[Result "1-0"]
[WhiteTitle "GM"]
[WhiteElo "2643"]
[BlackElo "2165"]
[WhiteFideId "14107201"]
[BlackFideId "1133780"]
[EventDate "2014.12.20"]

1. e4 c5 2. Nf3 e6 3. Nc3 Nc6 4. Bb5 Nge7 5. O-O Ng6 6. d4 cxd4 7. Nxd4 a6 8.
Be2 Qc7 9. Be3 b5 10. a4 b4 11. Na2 Bb7 12. c3 Bd6 13. h3 Nxd4 14. Qxd4 b3 15.
Nc1 Be5 16. Qd3 f5 17. Nxb3 Bxe4 18. Qc4 Bh2+ 19. Kh1 Nh4 20. Qxc7 Bxc7 21. f3
Bd5 22. Nc5 a5 23. Bf2 Ng6 24. Bb5 Rd8 25. c4 Ba8 26. Nxe6 1-0

[Event "European Rapid 2014"]
[Site "Wroclaw POL"]
[Date "2014.12.20"]
[Round "2.6"]
[White "Vallejo Pons, Francisco"]
[Black "Chlost, Marlena"]
[Result "1-0"]
[WhiteTitle "GM"]
[BlackTitle "WFM"]
[WhiteElo "2705"]
[BlackElo "2197"]
[WhiteFideId "2205530"]
[BlackFideId "1122657"]
[EventDate "2014.12.20"]

1. e4 c5 2. Ne2 a6 3. Nbc3 d6 4. g3 b5 5. Bg2 Bb7 6. d4 cxd4 7. Nxd4 Nf6 8. O-O
e6 9. Re1 Qc7 10. a4 bxa4 11. Nd5 Nxd5 12. exd5 e5 13. c3 Be7 14. Qxa4+ Nd7 15.
Nf5 Bf6 16. Qb4 Nc5 17. Nxd6+ Qxd6 18. Be3 Rc8 19. Bxc5 Rxc5 20. Qxb7 Rb5 21.
Qc8+ Qd8 22. Qxa6 Rxb2 23. Qc6+ Kf8 24. Ra8 Rb8 25. Rea1 1-0

[Event "European Rapid 2014"]
[Site "Wroclaw POL"]
[Date "2014.12.20"]
[Round "2.7"]
[White "Socko, Bartosz"]
[Black "Balint, Vilmos"]
[Result "1-0"]
[WhiteTitle "GM"]
[WhiteElo "2617"]
[BlackElo "2181"]
[WhiteFideId "1107038"]
[BlackFideId "718050"]
[EventDate "2014.12.20"]

1. e4 e5 2. Nf3 Nc6 3. Bc4 Nf6 4. Ng5 d5 5. exd5 Na5 6. Bb5+ Bd7 7. Qe2 Be7 8.
O-O O-O 9. Bxd7 Qxd7 10. Nc3 Nxd5 11. Qxe5 Nxc3 12. dxc3 b6 13. Qe4 Bxg5 14.
Bxg5 Rfe8 15. Qd3 Qg4 16. Be3 Rad8 17. Qb5 Qe4 18. Rae1 Re5 19. Qa6 Qc6 20. Rd1
Rde8 21. b3 Nb7 22. Qd3 Rd8 23. Qa6 Rde8 24. Qd3 Rd8 25. Bd4 Rg5 26. g3 Nc5 27.
Qc4 Qf3 28. Rfe1 Ne6 29. Rd3 Qb7 30. Rxe6 b5 31. Be3 Rf8 32. Qc6 1-0

[Event "European Rapid 2014"]
[Site "Wroclaw POL"]
[Date "2014.12.20"]
[Round "2.8"]
[White "Bakin, Alexander"]
[Black "Salgado Lopez, Ivan"]
[Result "0-1"]
[WhiteTitle "FM"]
[BlackTitle "GM"]
[WhiteElo "2177"]
[BlackElo "2622"]
[WhiteFideId "4174038"]
[BlackFideId "2257327"]
[EventDate "2014.12.20"]

1. e4 c5 2. Nf3 Nc6 3. Bb5 g6 4. O-O Bg7 5. Re1 Nf6 6. c3 O-O 7. d4 d5 8. e5 Ne4
9. Bd3 Qb6 10. dxc5 Nxc5 11. Be3 d4 12. Nxd4 Nxe5 13. Bf1 Ng4 14. Nd2 Qc7 15.
N2f3 a6 16. Bg5 e5 17. Nb3 e4 18. h3 exf3 19. hxg4 Ne6 20. Be3 fxg2 21. Bxg2 Bd7
22. Nd4 Nf4 23. Bf3 Rad8 24. Qd2 Be5 25. Rad1 Bc8 26. Qc2 Bg7 27. Ne2 Ne6 28.
Rxd8 Qxd8 29. Kg2 Ng5 30. Bxg5 Qxg5 31. Qc1 Qa5 32. a3 f5 33. g5 f4 34. Rg1 0-1

[Event "European Rapid 2014"]
[Site "Wroclaw POL"]
[Date "2014.12.20"]
[Round "2.9"]
[White "Wojtaszek, Radoslaw"]
[Black "Piotrowski, Przemyslaw"]
[Result "1-0"]
[WhiteTitle "GM"]
[WhiteElo "2744"]
[BlackElo "2200"]
[WhiteFideId "1118358"]
[BlackFideId "1127063"]
[EventDate "2014.12.20"]

1. d4 Nf6 2. c4 g6 3. Nc3 Bg7 4. e4 d6 5. Nf3 O-O 6. Be2 e5 7. Be3 Nc6 8. d5 Ne7
9. Nd2 h5 10. h3 Nh7 11. c5 f5 12. f3 fxe4 13. Ndxe4 Nf5 14. Bf2 h4 15. Qd3 Nf6
16. Nxf6+ Bxf6 17. O-O-O Bg5+ 18. Kb1 Bf4 19. Ne4 b6 20. cxd6 Nxd6 21. Nxd6 Qxd6
22. Ka1 Bf5 23. Qc3 g5 24. Bd3 Rad8 25. Bxf5 Rxf5 26. Rd3 c5 27. Rhd1 Rf7 28.
Qc4 Kg7 29. Be1 Rb7 30. Qa6 Rc7 31. b3 Rdc8 32. Qc4 Rb8 33. a4 Rcb7 34. Qb5 Re7
35. Bc3 Kg8 36. Re1 a5 37. Bb2 Rbe8 38. Re4 Rb8 39. Kb1 Qd7 40. Qxd7 Rxd7 41.
Bxe5 Rf8 42. Kc2 Kh7 43. Kc3 Kg6 44. Kc4 Kf5 45. Bb2 Rd6 46. Re7 Rfd8 47. Bc3
R8d7 48. Rxd7 Rxd7 49. Rd1 Re7 50. d6 Rd7 51. Kb5 Rxd6 52. Rxd6 Bxd6 53. Kxb6
Kf4 54. Bd2+ Kg3 55. Bxg5 Kxg2 56. Bxh4 Kxh3 57. Be1 Kg2 58. Bxa5 Kxf3 59. Kc6
Bf8 60. Bb6 1-0

[Event "European Rapid 2014"]
[Site "Wroclaw POL"]
[Date "2014.12.20"]
[Round "2.10"]
[White "Matlakov, Maxim"]
[Black "Jagodzinski, Piotr"]
[Result "1-0"]
[WhiteTitle "GM"]
[WhiteElo "2695"]
[BlackElo "2254"]
[WhiteFideId "4168003"]
[BlackFideId "1136593"]
[EventDate "2014.12.20"]

1. e4 c6 2. d4 d5 3. Nc3 a6 4. Nf3 Bg4 5. h3 Bxf3 6. Qxf3 e6 7. Bd3 Nf6 8. e5
Nfd7 9. Ne2 c5 10. c3 Nc6 11. O-O Qb6 12. Qf4 Rc8 13. a3 cxd4 14. cxd4 Na5 15.
Rb1 Be7 16. Bd2 Nb3 17. Bc3 O-O 18. Rbd1 Qd8 19. Qg3 g6 20. f4 Kh8 21. Kh1 b5
22. Qf3 Na5 23. g4 Nc4 24. f5 Bg5 25. Nf4 Ndb6 26. Rde1 Bxf4 27. Qxf4 Qh4 28.
Kh2 Na4 29. Bb4 Ncxb2 30. Bb1 Rfe8 31. fxe6 fxe6 32. Qf6+ Qxf6 33. exf6 a5 34.
Be7 Nc3 35. Rxe6 Nxb1 36. f7 Rf8 37. Bf6# 1-0

[Event "European Rapid 2014"]
[Site "Wroclaw POL"]
[Date "2014.12.20"]
[Round "2.11"]
[White "Alekseev, Evgeny"]
[Black "Szyszylo, Rafal"]
[Result "1-0"]
[WhiteTitle "GM"]
[WhiteElo "2679"]
[BlackElo "2223"]
[WhiteFideId "4138147"]
[BlackFideId "1109626"]
[EventDate "2014.12.20"]

1. e4 g6 2. d4 Bg7 3. Nf3 d6 4. Nc3 Nf6 5. Be2 O-O 6. O-O Bg4 7. Be3 Nc6 8. h3
Bxf3 9. Bxf3 e5 10. dxe5 dxe5 11. Ne2 Qe7 12. c3 Rfd8 13. Qa4 Nd7 14. Rad1 Nb6
15. Qb3 Rxd1 16. Rxd1 Rd8 17. Ng3 Bf6 18. Rxd8+ Qxd8 19. Qd1 Qe7 20. Be2 Bg5 21.
Nf1 Bxe3 22. Nxe3 Kg7 23. b4 a5 24. a3 axb4 25. axb4 Nd8 26. g3 c6 27. h4 Ne6
28. Kg2 Qd8 29. Qc2 Qe7 30. Qa2 Qd7 31. Bg4 Kf6 32. Qa7 Nc8 33. Qb8 h5 34. Bh3
Nb6 35. Qh8+ Ke7 36. Qxe5 Qd3 37. Bxe6 fxe6 38. Qc5+ Kd7 39. Qxb6 Qxe4+ 40. Kh2
Kc8 41. Qd4 Qf3 42. Nc4 b5 43. Ne5 1-0

[Event "European Rapid 2014"]
[Site "Wroclaw POL"]
[Date "2014.12.20"]
[Round "2.12"]
[White "Sycz, Dariusz"]
[Black "Bartel, Mateusz"]
[Result "0-1"]
[BlackTitle "GM"]
[WhiteElo "2139"]
[BlackElo "2664"]
[WhiteFideId "1138650"]
[BlackFideId "1112635"]
[EventDate "2014.12.20"]

1. d4 Nf6 2. Nf3 e6 3. g3 b5 4. Bg2 Bb7 5. O-O c5 6. c3 d5 7. Bf4 Nc6 8. a3 a5
9. Ne5 Nxe5 10. Bxe5 Nd7 11. Bf4 Qb6 12. Re1 Be7 13. e3 g5 14. Be5 Nxe5 15. dxe5
h5 16. h3 Qc7 17. e4 dxe4 18. Qe2 h4 19. g4 O-O 20. Qxb5 Rab8 21. Qa4 e3 22.
Rxe3 Bxg2 23. Kxg2 Qb7+ 24. Qe4 Qxb2 0-1

[Event "European Rapid 2014"]
[Site "Wroclaw POL"]
[Date "2014.12.20"]
[Round "2.13"]
[White "Korobov, Anton"]
[Black "Pischikov, Vadim"]
[Result "1-0"]
[WhiteTitle "GM"]
[WhiteElo "2693"]
[BlackElo "2176"]
[WhiteFideId "14105730"]
[BlackFideId "4100280"]
[EventDate "2014.12.20"]

1. d4 d5 2. c4 e6 3. Nc3 Nf6 4. cxd5 exd5 5. Bg5 c6 6. Qc2 Be7 7. e3 Nbd7 8. Bd3
O-O 9. Nf3 Re8 10. O-O Ne4 11. Bxe4 Bxg5 12. Bxh7+ Kh8 13. Bf5 Nf8 14. b4 a6 15.
a4 g6 16. Bxc8 Rxc8 17. b5 axb5 18. axb5 Bf6 19. bxc6 bxc6 20. Ra7 Kg7 21. Rb1
Ne6 22. Rbb7 Re7 23. Rxe7 Bxe7 24. Ne5 Rc7 25. Rxc7 Qxc7 26. g3 Bd6 27. Nf3 Qb7
28. h4 c5 29. dxc5 Bxc5 30. Qd1 Nc7 31. h5 Be7 32. Qd4+ Bf6 33. h6+ 1-0

[Event "European Rapid 2014"]
[Site "Wroclaw POL"]
[Date "2014.12.20"]
[Round "2.14"]
[White "Lercel, Michal"]
[Black "Moiseenko, Alexander"]
[Result "0-1"]
[BlackTitle "GM"]
[WhiteElo "2222"]
[BlackElo "2692"]
[WhiteFideId "1114700"]
[BlackFideId "14102560"]
[EventDate "2014.12.20"]

1. d4 Nf6 2. c4 e6 3. Nc3 Bb4 4. e3 b6 5. Ne2 Ne4 6. Bd2 Nxd2 7. Qxd2 O-O 8. a3
Be7 9. Nf4 Bb7 10. Bd3 d6 11. Qc2 h6 12. O-O-O Nd7 13. Kb1 a6 14. d5 exd5 15.
cxd5 Ne5 16. Bf5 g6 17. Bxg6 fxg6 18. Nxg6 Rf6 19. Nxe5 dxe5 20. Ne4 Rf7 21. Ng3
Bf8 22. Qg6+ Bg7 23. d6 Qf6 24. Qxf6 Bxf6 25. dxc7 Rxc7 26. Rd6 Kf7 27. Rhd1
Bxg2 28. Rxb6 Rc6 29. Rb7+ Ke6 30. Ka2 Bd5+ 31. Ka1 Rac8 32. Kb1 Rc1+ 33. Rxc1
Rxc1+ 34. Kxc1 Bxb7 35. Kc2 e4 36. b4 Bd5 37. Ne2 Be5 38. h3 h5 39. Nc3 Bc6 40.
Kb3 h4 41. Na4 Bxa4+ 42. Kxa4 Bg3 43. Ka5 Bxf2 44. Kxa6 Bxe3 45. b5 Bf4 0-1

[Event "European Rapid 2014"]
[Site "Wroclaw POL"]
[Date "2014.12.20"]
[Round "2.15"]
[White "Fedorchuk, Sergey A."]
[Black "Brzezinski, Mateusz"]
[Result "1-0"]
[WhiteTitle "GM"]
[WhiteElo "2669"]
[BlackElo "2125"]
[WhiteFideId "14102536"]
[BlackFideId "1177117"]
[EventDate "2014.12.20"]

1. e4 e6 2. d4 d5 3. Nc3 Bb4 4. a3 Bxc3+ 5. bxc3 Ne7 6. Bd3 c5 7. exd5 Nxd5 8.
Ne2 Bd7 9. O-O Bc6 10. c4 Nf6 11. c3 O-O 12. Qc2 Nbd7 13. Bf4 Re8 14. Be3 Qa5
15. a4 Rac8 16. Nc1 cxd4 17. cxd4 Qh5 18. h3 e5 19. Nb3 exd4 20. Nxd4 Be4 21.
Rfb1 Bxd3 22. Qxd3 Ne5 23. Qf5 Nxc4 24. Qxh5 Nxh5 25. Rxb7 a5 26. Nf5 Rb8 27.
Ra7 Ra8 28. Rxa8 Rxa8 29. Rc1 Nb2 30. Bd4 Nd3 31. Rc7 Ndf4 32. Rb7 Ne2+ 33. Kh2
Nxd4 34. Nxd4 Nf4 35. Nc6 g6 36. Rb5 Nd3 37. Kg3 Kg7 38. Kf3 Ra6 39. Nxa5 Rf6+
40. Ke3 Nxf2 41. Rb1 h5 42. Nb3 g5 43. a5 g4 44. Ra1 gxh3 45. gxh3 Nxh3 46. a6
Re6+ 47. Kd4 Re8 48. a7 Ra8 49. Kc5 Nf2 50. Kb6 h4 51. Rf1 Nd3 52. Kb7 Rh8 53.
a8=Q Rxa8 54. Kxa8 Kg6 55. Nd4 Ne5 56. Kb7 f6 57. Kc7 Kg5 58. Kd6 h3 59. Ke6 Ng6
60. Rg1+ Kh5 61. Kxf6 Nf4 62. Rg5+ Kh4 63. Nf5# 1-0

[Event "European Rapid 2014"]
[Site "Wroclaw POL"]
[Date "2014.12.20"]
[Round "2.16"]
[White "Leks, Maria"]
[Black "Inarkiev, Ernesto"]
[Result "0-1"]
[WhiteTitle "WCM"]
[BlackTitle "GM"]
[WhiteElo "2079"]
[BlackElo "2680"]
[WhiteFideId "1134957"]
[BlackFideId "4162722"]
[EventDate "2014.12.20"]

1. e4 c5 2. Nf3 d6 3. d4 cxd4 4. Nxd4 Nf6 5. Nc3 a6 6. Be2 Nbd7 7. O-O Nc5 8. f3
e6 9. Be3 Be7 10. Qd2 O-O 11. Rfd1 Qc7 12. Bf1 b6 13. Qf2 Bb7 14. Nb3 Ncd7 15.
a4 Rac8 16. a5 b5 17. Bb6 Nxb6 18. axb6 Qb8 19. Na5 d5 20. Kh1 dxe4 21. Nxb7
Qxb7 22. Nxe4 Nd5 23. c4 bxc4 24. b3 c3 25. Bxa6 Qb8 26. Bxc8 Rxc8 27. Ra4 Nxb6
28. Ra6 Nd5 29. Rc1 Qxb3 30. Qa2 Qb8 31. Ra7 Qf4 32. Qc2 h5 33. Rca1 f5 34. Ra8
Rxa8 35. Rxa8+ Kf7 36. Nf2 Bd6 37. Ra7+ Kg6 38. g3 Qxf3+ 39. Kg1 Ne3 0-1

[Event "European Rapid 2014"]
[Site "Wroclaw POL"]
[Date "2014.12.20"]
[Round "2.17"]
[White "Edouard, Romain"]
[Black "Trajber, Daniel"]
[Result "1-0"]
[WhiteTitle "GM"]
[WhiteElo "2659"]
[BlackElo "2135"]
[WhiteFideId "633429"]
[BlackFideId "727946"]
[EventDate "2014.12.20"]

1. d4 d5 2. c4 c6 3. Nf3 Nf6 4. Nbd2 e6 5. g3 Bd6 6. Bg2 O-O 7. O-O Nbd7 8. Qc2
e5 9. cxd5 cxd5 10. dxe5 Nxe5 11. Nxe5 Bxe5 12. Nf3 Bd6 13. Be3 Be6 14. Rad1 Rc8
15. Qd3 Qa5 16. a3 Ne4 17. Nd4 Nc5 18. Qb1 Na4 19. Nf5 Bxf5 20. Qxf5 Nxb2 21.
Rxd5 Qxa3 22. Bd4 Nc4 23. Bxg7 f6 24. Be4 Kxg7 25. Qxh7# 1-0

[Event "European Rapid 2014"]
[Site "Wroclaw POL"]
[Date "2014.12.20"]
[Round "2.18"]
[White "Bologan, Viktor"]
[Black "Nowicki, Bartosz"]
[Result "1-0"]
[WhiteTitle "GM"]
[WhiteElo "2643"]
[BlackElo "2018"]
[WhiteFideId "13900048"]
[BlackFideId "1179730"]
[EventDate "2014.12.20"]

1. e4 c5 2. Nf3 d6 3. d4 cxd4 4. Nxd4 Nf6 5. Nc3 a6 6. Be2 e5 7. Nb3 Be7 8. Be3
O-O 9. g4 Be6 10. g5 Nfd7 11. Qd2 Nc6 12. O-O-O a5 13. Kb1 a4 14. Nc1 Qa5 15.
Nd5 Bxd5 16. exd5 Qxd2 17. Rxd2 Nb4 18. a3 Na6 19. h4 Nac5 20. Na2 Kh8 21. Nc3
f5 22. gxf6 gxf6 23. f4 f5 24. fxe5 dxe5 25. d6 Bd8 26. Rd5 Na6 27. Bb5 Nab8 28.
Bxa4 Bb6 29. Bxd7 Bxe3 30. Bb5 Nc6 31. Rf1 Rad8 32. Bxc6 bxc6 33. Rxe5 Bd4 34.
Rexf5 Rxf5 35. Rxf5 Bxc3 36. bxc3 Rxd6 37. a4 Rh6 38. h5 1-0

[Event "European Rapid 2014"]
[Site "Wroclaw POL"]
[Date "2014.12.20"]
[Round "2.19"]
[White "Zyla, Janusz"]
[Black "Volokitin, Andrei"]
[Result "0-1"]
[WhiteTitle "FM"]
[BlackTitle "GM"]
[WhiteElo "2183"]
[BlackElo "2626"]
[WhiteFideId "1102338"]
[BlackFideId "14107090"]
[EventDate "2014.12.20"]

1. d4 Nf6 2. Nf3 g6 3. c4 Bg7 4. Nc3 d5 5. Bg5 dxc4 6. e3 c5 7. dxc5 Qa5 8. Bxc4
Qxc5 9. Qd4 Nbd7 10. O-O O-O 11. b4 Qxd4 12. Nxd4 Ne5 13. Bb3 Bd7 14. Rfd1 Rac8
15. Bxf6 Bxf6 16. Nd5 Kg7 17. Rac1 Rxc1 18. Rxc1 Nd3 19. Rc7 Rc8 20. Rxc8 Bxc8
21. Bc2 Bxd4 22. Bxd3 Bb2 23. Nxe7 Be6 24. Be4 Kf6 25. Ng8+ Ke5 26. Bxb7 Kd6 27.
e4 Bxa2 28. f4 f5 29. e5+ Kc7 30. Nf6 Kxb7 31. Nxh7 Ba3 32. Nf8 Bf7 33. e6 Bxb4 0-1

[Event "European Rapid 2014"]
[Site "Wroclaw POL"]
[Date "2014.12.20"]
[Round "2.21"]
[White "Daudzvardis, Janis"]
[Black "Gajewski, Grzegorz"]
[Result "0-1"]
[BlackTitle "GM"]
[WhiteElo "2171"]
[BlackElo "2643"]
[WhiteFideId "11600160"]
[BlackFideId "1116207"]
[EventDate "2014.12.20"]

1. f4 d5 2. Nf3 g6 3. g3 Bg7 4. Bg2 Nf6 5. O-O O-O 6. d3 c5 7. Nc3 Nc6 8. e4
dxe4 9. dxe4 e5 10. Be3 b6 11. Kh1 Ba6 12. Re1 Re8 13. f5 Qxd1 14. Raxd1 Nd4 15.
Rd2 Bb7 16. Nh4 Ng4 17. fxg6 hxg6 18. Bxd4 exd4 19. Nd1 Bh6 20. Rde2 Ba6 21. Rf2
Nxf2+ 22. Nxf2 Rad8 23. Rd1 Bb7 24. Re1 Be3 25. Ng4 Kg7 26. e5 Bc8 0-1